Historia de la filosofía
Gespeichert in:
| 1. Verfasser: | |
|---|---|
| Weitere Verfasser: | |
| Format: | Buch |
| Sprache: | Spanisch |
| Veröffentlicht: |
Barcelona
Herder
1982
|
| Ausgabe: | 11a. ed |
| Schriftenreihe: | Biblioteca Herder: sección de teología y filosofía, 14
|
| Schlagworte: | |
| Tags: |
Tag hinzufügen
Keine Tags, Fügen Sie den ersten Tag hinzu!
|
MARC
| LEADER | 00000nam a2200000 a 4500 | ||
|---|---|---|---|
| 001 | UCZ1959 | ||
| 003 | CL-VaPUC | ||
| 005 | 20250303154911.0 | ||
| 008 | 950915e19820000SP |||||||||||||||||spa|d | ||
| 999 | |c 238627 |d 238625 | ||
| 040 | |c Pontificia Universidad Católica de Valparaíso | ||
| 082 | 0 | 4 | |a 109 |b HIR |2 21 |
| 100 | |a Hirschberger, Johannes |e author |9 492494 | ||
| 245 | 1 | 0 | |a Historia de la filosofía |
| 250 | |a 11a. ed | ||
| 260 | |a Barcelona |b Herder |c 1982 | ||
| 300 | |a v | ||
| 490 | 0 | |a Biblioteca Herder: sección de teología y filosofía, 14 | |
| 505 | |a v.2: Edad moderna, edad contemporánea. | ||
| 583 | |a last modification |c 19950915 00:00:00 |k Rodrigo Vera | ||
| 600 | 0 | 7 | |a SPINOZA, BENEDICTUS DE |2 CL-VaPUC |9 319727 |
| 600 | 0 | 7 | |a SCHOPENHAUER, ARTHUR |2 CL-VaPUC |9 265694 |
| 600 | 0 | |a Hobbes, Thomas |d 1588-1679 |9 860396 | |
| 600 | 0 | |a Locke, John |d 1632-1704 |9 860808 | |
| 600 | 0 | |a Hume, David |d 1711-1776 |9 319329 | |
| 600 | 0 | |a Fichte, Johann Gottlieb |e autore |9 316864 | |
| 600 | 0 | |a Schelling, Friedrich Wilhelm Joseph |9 268686 | |
| 600 | 0 | 7 | |a HERBART, JOHANN FRIEDRICH |2 CL-VaPUC |9 327443 |
| 600 | 0 | 7 | |a BOLZANO, BERNHARD |2 CL-VaPUC |9 345659 |
| 600 | 0 | |a Cusa, Nicolás de |9 265876 | |
| 600 | 0 | |a Kant, Immanuel, |d 1724-1804 |9 858687 | |
| 600 | 0 | |a Leibniz, Gottfried Wilhelm |d 1646-1716 |9 860284 | |
| 650 | 0 | |a Filosofía |9 223554 | |
| 650 | 0 | |a Historia |9 255047 | |
| 650 | 0 | |a Filosofía moderna |9 258121 | |
| 650 | 0 | |a Ontología |9 256850 | |
| 650 | 0 | |a Metafísica |9 265649 | |
| 650 | 0 | |a Ciencia |9 255691 | |
| 650 | 0 | |a Valor |9 323720 | |
| 650 | 0 | |a Ética |9 255099 | |
| 650 | 7 | |a HOMBRE |2 CL-VaPUC |9 262149 | |
| 651 | 0 | |a Inglaterra |9 255158 | |
| 651 | 0 | |a Francia |9 255157 | |
| 651 | 0 | |a Alemania |9 255688 | |
| 651 | 0 | |a España |9 254926 | |
| 651 | 0 | |a Europa |9 255156 | |
| 700 | 1 | |a Martínez Gómez, Luis |e traductor |e (v.2) |9 864924 | |
| 942 | |c BK |2 ddc | ||
| 945 | |d 19950915 00:00:00 |a cmena | ||
| 952 | |0 0 |1 0 |4 0 |6 109_000000000000000_HIR_1982 |7 0 |8 A |9 248953 |a BIBEDU |b BIBEDU |d 2019-11-18 |h v.2 |i 1562320 |l 1 |o 109 HIR 1982 |p 1562320 |r 2024-08-22 |s 2024-08-20 |w 2019-11-18 |y BK |k FIL | ||